[Event "Titled Tuesday intern op 23rd Jul Early"]
[Site "Chess.com INT"]
[Date "2024.07.23"]
[Round "1"]
[White "P, Komal Kishore"]
[Black "Tologontegin, Semetey"]
[Result "0-1"]
[WhiteElo "1984"]
[BlackElo "2337"]
[PlyCount "34"]
[EventDate "2024.07.23"]
[EventType "swiss (blitz)"]
[EventRounds "11"]
[EventCountry "USA"]
[SourceTitle "EXT 2025"]
[Source "ChessBase"]
[SourceDate "2024.10.14"]
[SourceVersion "1"]
[SourceVersionDate "2024.10.14"]
[SourceQuality "1"]

1. d4 d5 2. Nf3 Nf6 3. Bg5 Ne4 4. Bh4 c6 5. Nbd2 Bf5 6. e3 Qb6 7. Rb1 e6 8. Bd3 Nd7 9. 0-0 a6 10. Re1 Qc7 11. Qe2 Bd6 12. c4 g5 13. Bxe4 dxe4 14. Nxg5 Bxh2+ 15. Kf1 Nf6 16. g3 h6 17. Ngxe4 Bh3# 0-1

[Event "Titled Tuesday intern op 23rd Jul Early"]
[Site "Chess.com INT"]
[Date "2024.07.23"]
[Round "7"]
[White "Tang, Zoey"]
[Black "P, Komal Kishore"]
[Result "1-0"]
[WhiteElo "2260"]
[BlackElo "1984"]
[PlyCount "77"]
[EventDate "2024.07.23"]
[EventType "swiss (blitz)"]
[EventRounds "11"]
[EventCountry "USA"]
[SourceTitle "EXT 2025"]
[Source "ChessBase"]
[SourceDate "2024.10.14"]
[SourceVersion "1"]
[SourceVersionDate "2024.10.14"]
[SourceQuality "1"]

1. e4 d6 2. d4 Nf6 3. Nc3 Bg4 4. Nf3 e6 5. Be2 d5 6. e5 Ne4 7. h3 Bxf3 8. Bxf3 Bb4 9. Bxe4 dxe4 10. 0-0 f5 11. exf6 Bxc3 12. fxg7 Rg8 13. Qh5+ Kd7 14. Qf7+ Kc8 15. Qxe6+ Nd7 16. bxc3 Rxg7 17. Qxe4 Nf6 18. Qf5+ Kb8 19. Bg5 Rg6 20. Rfe1 a6 21. Re6 Qd5 22. Re5 Qd7 23. Bxf6 Qc6 24. d5 Qxf6 25. Qxf6 Rxf6 26. Re8+ Ka7 27. Rxa8+ Kxa8 28. Re1 c6 29. c4 b5 30. Re6 Rf4 31. cxb5 cxd5 32. Rxa6+ Kb7 33. Rh6 Rc4 34. Rxh7+ Kb6 35. Rd7 d4 36. Rd5 Rxc2 37. Rxd4 Rxa2 38. Rd5 Re2 39. g4 1-0

[Event "Titled Tuesday intern op 02nd Apr Early"]
[Site "Chess.com INT"]
[Date "2024.04.02"]
[Round "4"]
[White "P, Komal Kishore"]
[Black "Leyva Rivera, Yunier"]
[Result "0-1"]
[WhiteElo "2022"]
[BlackElo "2321"]
[PlyCount "74"]
[EventDate "2024.04.02"]
[EventType "swiss (blitz)"]
[EventRounds "11"]
[EventCountry "USA"]
[SourceTitle "CBM 219 Extra"]
[Source "ChessBase"]
[SourceDate "2024.05.31"]
[SourceVersion "1"]
[SourceVersionDate "2024.05.31"]
[SourceQuality "1"]

1. d4 d5 2. Nf3 Nf6 3. Bg5 Ne4 4. Bh4 Bf5 5. Nbd2 c6 6. Nxe4 Bxe4 7. e3 Qb6 8. Bd3 Bxd3 9. Qxd3 e6 10. 0-0 Nd7 11. c4 Qa6 12. Qc2 Qxc4 13. Rfc1 Qxc2 14. Rxc2 Bd6 15. Rb1 a5 16. a3 a4 17. b4 axb3 18. Rxb3 Ra7 19. Bg3 Bxg3 20. hxg3 Ke7 21. Rcb2 Rb8 22. Ne5 Nxe5 23. dxe5 Kd7 24. Rb6 Kc7 25. R2b3 h5 26. Kh2 Rxa3 27. Rxc6+ Kxc6 28. Rxa3 b5 29. Kh3 b4 30. Rb3 Kc5 31. Kh4 Kc4 32. Rb1 b3 33. Kxh5 b2 34. g4 Kc3 35. g5 Rh8+ 36. Kg4 Kc2 37. Rg1 g6 0-1

[Event "Titled Tuesday intern op 26th Mar Late"]
[Site "Chess.com INT"]
[Date "2024.03.26"]
[Round "5"]
[White "P, Komal Kishore"]
[Black "Prado, Alexandra"]
[Result "1-0"]
[WhiteElo "2022"]
[BlackElo "1877"]
[PlyCount "57"]
[EventDate "2024.03.26"]
[EventType "swiss (blitz)"]
[EventRounds "11"]
[EventCountry "USA"]
[SourceTitle "EXT 2025"]
[Source "ChessBase"]
[SourceDate "2024.10.14"]
[SourceVersion "1"]
[SourceVersionDate "2024.10.14"]
[SourceQuality "1"]

1. d4 Nf6 2. Nf3 g6 3. Bg5 h6 4. Bxf6 exf6 5. e3 Bg7 6. Bd3 f5 7. c3 d5 8. 0-0 Nd7 9. Re1 h5 10. Nbd2 Nf6 11. Nf1 h4 12. h3 Ne4 13. c4 c6 14. cxd5 cxd5 15. Qb3 0-0 16. Rac1 a6 17. a4 Rb8 18. Rc2 g5 19. Bxa6 g4 20. Ne5 gxh3 21. gxh3 Qg5+ 22. Kh1 f4 23. Qxd5 Bf5 24. Bd3 f3 25. Nxf3 Qg6 26. Nxh4 Qh6 27. Nxf5 Qxh3+ 28. Nh2 Ng5 29. Nxg7 1-0

[Event "Titled Tuesday intern op 19th Mar Early"]
[Site "Chess.com INT"]
[Date "2024.03.19"]
[Round "7"]
[White "P, Komal Kishore"]
[Black "Rohwer, Paul"]
[Result "0-1"]
[WhiteElo "2022"]
[BlackElo "2225"]
[PlyCount "102"]
[EventDate "2024.03.19"]
[EventType "swiss (blitz)"]
[EventRounds "11"]
[EventCountry "USA"]
[SourceTitle "EXT 2025"]
[Source "ChessBase"]
[SourceDate "2024.10.14"]
[SourceVersion "1"]
[SourceVersionDate "2024.10.14"]
[SourceQuality "1"]

1. d4 c5 2. Nf3 cxd4 3. Nxd4 Nf6 4. c3 Nc6 5. Bg5 e6 6. e3 Be7 7. Nd2 0-0 8. Bd3 d5 9. 0-0 h6 10. Bh4 e5 11. Nxc6 bxc6 12. e4 Qb6 13. exd5 cxd5 14. Qb3 e4 15. Be2 Be6 16. Qxb6 axb6 17. Nb3 g5 18. Bg3 Nd7 19. Rfd1 f5 20. f4 Bc5+ 21. Nxc5 Nxc5 22. fxg5 hxg5 23. Bd6 Rfc8 24. Be7 g4 25. Bg5 Kf7 26. Be3 Nd7 27. Rf1 Kg6 28. Bd4 Nc5 29. g3 Bd7 30. Rfd1 Bc6 31. b3 Rcb8 32. Kf2 Rb7 33. Ke3 Rh7 34. Rh1 Ne6 35. Bxb6 Rah8 36. h4 gxh3 37. Rh2 f4+ 38. gxf4 Kf5 39. Rg1 Rg7 40. Rxg7 Nxg7 41. Bd4 Rh7 42. Bxg7 Rxg7 43. Rxh3 Ra7 44. a4 Bd7 45. Rh5+ Ke6 46. Rh6+ Kf5 47. Rd6 Be6 48. Bg4+ Kxg4 49. Rxd5 Bxd5 50. Kd4 Bxb3 51. a5 Rxa5 0-1

[Event "Titled Tuesday intern op 12th Mar Late"]
[Site "Chess.com INT"]
[Date "2024.03.12"]
[Round "1"]
[White "Banerjee, Supratit"]
[Black "P, Komal Kishore"]
[Result "1-0"]
[WhiteElo "2025"]
[BlackElo "2022"]
[PlyCount "125"]
[EventDate "2024.03.12"]
[EventType "swiss (blitz)"]
[EventRounds "11"]
[EventCountry "USA"]
[SourceTitle "CBM 219 Extra"]
[Source "ChessBase"]
[SourceDate "2024.05.31"]
[SourceVersion "1"]
[SourceVersionDate "2024.05.31"]
[SourceQuality "1"]

1. e4 c6 2. d4 d5 3. Nd2 dxe4 4. Nxe4 Bf5 5. Ng3 Bg6 6. h4 h6 7. Nf3 Nd7 8. Bd3 Bxd3 9. Qxd3 e6 10. c3 Ngf6 11. Bd2 Bd6 12. Ne4 Nxe4 13. Qxe4 Nf6 14. Qd3 Qc7 15. 0-0-0 Bf4 16. Rhe1 0-0-0 17. Kb1 Bxd2 18. Qxd2 Kb8 19. g3 c5 20. Qc2 cxd4 21. Nxd4 a6 22. a3 Qc4 23. Qc1 Nd5 24. Qc2 Rc8 25. Qe2 Qxe2 26. Nxe2 Rhd8 27. Nd4 Nf6 28. f3 Nd5 29. Ka1 Nb6 30. f4 Nd5 31. Nf3 Nf6 32. Ne5 Rxd1+ 33. Rxd1 Rc7 34. g4 g6 35. Rd8+ Ka7 36. Rf8 h5 37. g5 Nd5 38. Nxf7 Nxf4 39. Nd6 Ng2 40. Nc8+ Kb8 41. Ne7+ Ka7 42. Nxg6 Rc4 43. Rf6 Nxh4 44. Nxh4 Rxh4 45. Rxe6 Rg4 46. Rg6 h4 47. Ka2 h3 48. Rh6 Rxg5 49. Rxh3 a5 50. Kb3 Ka6 51. c4 Rg4 52. Rh6+ Ka7 53. Rh5 Ka6 54. Kc3 a4 55. Kb4 Rf4 56. Ra5+ Kb6 57. Rxa4 Rf2 58. b3 Rc2 59. Ra8 Kc6 60. a4 Kb6 61. Rc8 Ka6 62. a5 Rb2 63. Ra8# 1-0

[Event "Titled Tuesday intern op 12th Mar Late"]
[Site "Chess.com INT"]
[Date "2024.03.12"]
[Round "2"]
[White "Saha, Ananda"]
[Black "P, Komal Kishore"]
[Result "1-0"]
[WhiteElo "2022"]
[BlackElo "2022"]
[PlyCount "95"]
[EventDate "2024.03.12"]
[EventType "swiss (blitz)"]
[EventRounds "11"]
[EventCountry "USA"]
[SourceTitle "CBM 219 Extra"]
[Source "ChessBase"]
[SourceDate "2024.05.31"]
[SourceVersion "1"]
[SourceVersionDate "2024.05.31"]
[SourceQuality "1"]

1. Nf3 c6 2. g3 d5 3. Bg2 Nf6 4. 0-0 Bf5 5. c4 e6 6. b3 Be7 7. Bb2 0-0 8. d4 Re8 9. Nbd2 Nbd7 10. Rc1 Qa5 11. a4 Ne4 12. Nxe4 Bxe4 13. Ne5 Bxg2 14. Kxg2 Nxe5 15. dxe5 Rad8 16. Qc2 dxc4 17. Qxc4 Qd5+ 18. Qxd5 Rxd5 19. Bc3 Red8 20. f4 a5 21. Kf3 Bb4 22. Bxb4 axb4 23. Rc4 c5 24. Rfc1 b6 25. a5 bxa5 26. Rxc5 Kf8 27. Rc7 R8d7 28. Rc8+ Ke7 29. Ra8 Rb7 30. Ra1 Rbb5 31. Ra7+ Ke8 32. Rc1 Rd7 33. Rc8+ Ke7 34. Raa8 Rdb7 35. Re8+ Kd7 36. Rad8+ Kc6 37. Rd6+ Kc7 38. e4 a4 39. bxa4 b3 40. axb5 b2 41. Re7+ Kc8 42. Re8+ Kc7 43. Rd1 Rxb5 44. Rb1 Kd7 45. Ra8 Rb3+ 46. Kf2 Rb4 47. Ra2 Rxe4 48. Raxb2 1-0

[Event "Titled Tuesday intern op 27th Feb Early"]
[Site "Chess.com INT"]
[Date "2024.02.27"]
[Round "2"]
[White "P, Komal Kishore"]
[Black "Peczely, Sebastian Zsombor"]
[Result "1-0"]
[WhiteElo "2022"]
[BlackElo "2318"]
[PlyCount "99"]
[EventDate "2024.02.27"]
[EventType "swiss (blitz)"]
[EventRounds "11"]
[EventCountry "USA"]
[SourceTitle "EXT 2025"]
[Source "ChessBase"]
[SourceDate "2024.10.14"]
[SourceVersion "1"]
[SourceVersionDate "2024.10.14"]
[SourceQuality "1"]

1. d4 Nf6 2. Nf3 e6 3. Bg5 c5 4. e3 b6 5. Nbd2 Bb7 6. Bd3 h6 7. Bh4 Be7 8. 0-0 0-0 9. Re1 Nc6 10. c3 d5 11. Ne5 Nd7 12. Bg3 f5 13. Ng6 Rf7 14. Nxe7+ Qxe7 15. Nf3 e5 16. dxe5 Ncxe5 17. Nxe5 Nxe5 18. Bc2 Rd8 19. Qh5 Qe6 20. Rad1 Qf6 21. e4 fxe4 22. Qxe5 Qxe5 23. Bxe5 Re7 24. Bg3 d4 25. Bb3+ Kf8 26. f4 Ree8 27. f5 b5 28. Be6 d3 29. b3 g6 30. Bf4 gxf5 31. Bxh6+ Ke7 32. Bxf5 Kf6 33. Bg4 Kg6 34. Bf4 c4 35. bxc4 bxc4 36. h4 Bc6 37. h5+ Kg7 38. h6+ Kh8 39. Bg5 Rb8 40. Bf5 Ba4 41. Bf6+ Kg8 42. h7+ Kf7 43. h8Q Rxh8 44. Bxh8 Rxh8 45. Rb1 d2 46. Rf1 e3 47. Bc2+ Kg7 48. Bxa4 e2 49. Bb5 Re8 50. Bxe8 1-0

[Event "Titled Tuesday intern op 27th Feb Early"]
[Site "Chess.com INT"]
[Date "2024.02.27"]
[Round "3"]
[White "Sathvik, Adiga"]
[Black "P, Komal Kishore"]
[Result "1-0"]
[WhiteElo "2445"]
[BlackElo "2022"]
[PlyCount "51"]
[EventDate "2024.02.27"]
[EventType "swiss (blitz)"]
[EventRounds "11"]
[EventCountry "USA"]
[SourceTitle "EXT 2025"]
[Source "ChessBase"]
[SourceDate "2024.10.14"]
[SourceVersion "1"]
[SourceVersionDate "2024.10.14"]
[SourceQuality "1"]

1. d4 d5 2. Nc3 Nf6 3. Bf4 c6 4. e3 Bf5 5. Nf3 e6 6. Ne5 Nbd7 7. Bd3 Be7 8. Qf3 0-0 9. g4 Nxe5 10. dxe5 Nxg4 11. Bxf5 exf5 12. h3 g5 13. hxg4 gxf4 14. Qh3 Bh4 15. exf4 Re8 16. gxf5 d4 17. Ne4 Qd5 18. Qg2+ Kh8 19. Rxh4 Rg8 20. Qh1 Rg1+ 21. Qxg1 Qxe4+ 22. Kd2 d3 23. Rxh7+ Kxh7 24. Qh2+ Kg7 25. Rg1+ Kf8 26. Qh6+ 1-0

[Event "Titled Tuesday intern op 27th Feb Early"]
[Site "Chess.com INT"]
[Date "2024.02.27"]
[Round "4"]
[White "Srdanovic, Jovana"]
[Black "P, Komal Kishore"]
[Result "1-0"]
[WhiteElo "2107"]
[BlackElo "2022"]
[PlyCount "89"]
[EventDate "2024.02.27"]
[EventType "swiss (blitz)"]
[EventRounds "11"]
[EventCountry "USA"]
[SourceTitle "EXT 2025"]
[Source "ChessBase"]
[SourceDate "2024.10.14"]
[SourceVersion "1"]
[SourceVersionDate "2024.10.14"]
[SourceQuality "1"]

1. e4 c6 2. d4 d5 3. exd5 cxd5 4. Bd3 Nc6 5. c3 Nf6 6. Bf4 g6 7. h3 Bg7 8. Nf3 0-0 9. 0-0 Bf5 10. Bxf5 gxf5 11. Nbd2 Ne4 12. Ne5 Nxe5 13. Bxe5 e6 14. Bxg7 Kxg7 15. Nf3 Qb6 16. Qe2 Qa6 17. Qe3 b5 18. Ne5 Qd6 19. f3 f6 20. fxe4 fxe5 21. exf5 exd4 22. Qg5+ Kh8 23. f6 Rg8 24. Qh6 Qg3 25. Rf2 Rg6 26. Qh5 dxc3 27. bxc3 Rf8 28. Raf1 Qe3 29. Kh1 Qxc3 30. f7 Qg7 31. Qe2 a6 32. a4 bxa4 33. Qxa6 e5 34. Qxa4 Rd6 35. Qb4 Rdd8 36. Rf6 d4 37. Qe7 h5 38. Qxd8 Rxd8 39. f8Q+ Rxf8 40. Rxf8+ Kh7 41. R1f7 e4 42. Rxg7+ Kxg7 43. Rd8 e3 44. Rxd4 Kf6 45. Re4 1-0

[Event "Titled Tuesday intern op 18th Oct Late"]
[Site "Chess.com INT"]
[Date "2022.10.18"]
[Round "2"]
[White "Rostomyan, Mikayel"]
[Black "P, Komal Kishore"]
[Result "1-0"]
[WhiteElo "2118"]
[BlackElo "2086"]
[PlyCount "55"]
[EventDate "2022.10.18"]
[EventType "swiss (blitz)"]
[EventRounds "11"]
[EventCountry "USA"]
[SourceTitle "EXT 2024"]
[Source "ChessBase"]
[SourceDate "2023.10.10"]
[SourceVersion "1"]
[SourceVersionDate "2023.10.10"]
[SourceQuality "1"]

1. d4 d5 2. Nf3 Nf6 3. c4 c6 4. e3 e6 5. b3 Bb4+ 6. Nbd2 0-0 7. Bd3 Ne4 8. 0-0 f5 9. Bb2 Nd7 10. a3 Be7 11. Ne5 Ndf6 12. f3 Nxd2 13. Qxd2 Bd7 14. Rae1 Be8 15. e4 fxe4 16. fxe4 Nxe4 17. Rxf8+ Bxf8 18. Bxe4 dxe4 19. Rxe4 Be7 20. Nf3 Bf7 21. Ne5 Be8 22. Ng4 Bf7 23. Qc3 Qf8 24. d5 Bc5+ 25. Kh1 Bg6 26. Rf4 Qe7 27. Nh6+ Kh8 28. Nf7+ 1-0

[Event "Titled Tuesday intern op 11th Oct Late"]
[Site "Chess.com INT"]
[Date "2022.10.11"]
[Round "5"]
[White "Bogaudinov, Rushan"]
[Black "P, Komal Kishore"]
[Result "1-0"]
[WhiteElo "2003"]
[BlackElo "2086"]
[PlyCount "75"]
[EventDate "2022.10.11"]
[EventType "swiss (blitz)"]
[EventRounds "11"]
[EventCountry "USA"]
[SourceTitle "EXT 2024"]
[Source "ChessBase"]
[SourceDate "2023.10.10"]
[SourceVersion "1"]
[SourceVersionDate "2023.10.10"]
[SourceQuality "1"]

1. d4 d5 2. Nf3 Nf6 3. e3 Bg4 4. Be2 e6 5. c4 c6 6. Nc3 Nbd7 7. h3 Bh5 8. 0-0 Be7 9. b3 0-0 10. Bb2 Re8 11. Ne5 Bxe2 12. Qxe2 Nxe5 13. dxe5 Nd7 14. f4 dxc4 15. bxc4 Bb4 16. Ne4 a5 17. Rfd1 Qc7 18. a3 Bf8 19. Rab1 Red8 20. Bd4 b6 21. Rdc1 Bxa3 22. Rf1 Bf8 23. h4 Nc5 24. Bxc5 Bxc5 25. Kh2 Rdb8 26. h5 h6 27. g4 Be7 28. Rg1 f6 29. exf6 gxf6 30. Qc2 Kg7 31. Ng3 Rd8 32. Qg6+ Kf8 33. Qxh6+ Kf7 34. Qg6+ Kf8 35. h6 Rd2+ 36. Kh3 Bd6 37. Qxf6+ Kg8 38. Ne4 1-0

[Event "Titled Tuesday intern op 11th Oct Late"]
[Site "Chess.com INT"]
[Date "2022.10.11"]
[Round "9"]
[White "Buchenau, Frank"]
[Black "P, Komal Kishore"]
[Result "1-0"]
[WhiteElo "2218"]
[BlackElo "2086"]
[PlyCount "29"]
[EventDate "2022.10.11"]
[EventType "swiss (blitz)"]
[EventRounds "11"]
[EventCountry "USA"]
[SourceTitle "EXT 2024"]
[Source "ChessBase"]
[SourceDate "2023.10.10"]
[SourceVersion "1"]
[SourceVersionDate "2023.10.10"]
[SourceQuality "1"]

1. e4 c6 2. Nf3 d5 3. Nc3 Bg4 4. d4 e6 5. Bd3 Nf6 6. h3 dxe4 7. hxg4 exf3 8. Qxf3 Qxd4 9. g5 Qe5+ 10. Be3 Nd5 11. Nxd5 cxd5 12. 0-0-0 Nc6 13. g6 Qf6 14. Rxh7 Rg8 15. Qxf6 1-0

[Event "Titled Tuesday intern op 11th Oct Late"]
[Site "Chess.com INT"]
[Date "2022.10.11"]
[Round "11"]
[White "Garmash, Aliona"]
[Black "P, Komal Kishore"]
[Result "0-1"]
[WhiteElo "2080"]
[BlackElo "2086"]
[PlyCount "122"]
[EventDate "2022.10.11"]
[EventType "swiss (blitz)"]
[EventRounds "11"]
[EventCountry "USA"]
[SourceTitle "EXT 2024"]
[Source "ChessBase"]
[SourceDate "2023.10.10"]
[SourceVersion "1"]
[SourceVersionDate "2023.10.10"]
[SourceQuality "1"]

1. d4 d5 2. Nf3 Nf6 3. c4 c6 4. Nc3 dxc4 5. a4 Bf5 6. Ne5 Nbd7 7. Nxc4 Nb6 8. Ne5 Nfd7 9. Nxd7 Nxd7 10. e4 Bg6 11. f3 e6 12. Be3 Bb4 13. Be2 Qa5 14. Qc2 0-0 15. 0-0 e5 16. dxe5 Nxe5 17. Na2 Be7 18. b4 Qc7 19. Rab1 f6 20. Nc3 Bf7 21. Rfc1 Nc4 22. Bxc4 Bxc4 23. b5 Be6 24. Nd5 Bxd5 25. exd5 Qe5 26. Qe4 cxd5 27. Qxe5 fxe5 28. Rc7 Bd8 29. Rxb7 d4 30. Bd2 Bb6 31. Kf1 Rac8 32. a5 Bc5 33. b6 axb6 34. axb6 e4 35. Rc7 Rxc7 36. bxc7 Bd6 37. Ba5 exf3 38. gxf3 Rxf3+ 39. Ke2 Re3+ 40. Kd2 Re8 41. Kd3 Bxh2 42. Kxd4 Rc8 43. Rc1 Bf4 44. Rc2 g5 45. Kd5 Kf7 46. Kc6 Ke6 47. Kb7 Kd7 48. Rc3 Bxc7 49. Bxc7 Rg8 50. Rh3 Rg7 51. Be5 Rf7 52. Kb6 Ke6 53. Bd4 g4 54. Rg3 h5 55. Kc5 Kf5 56. Kc4 Ke4 57. Bb6 Rf6 58. Ba7 Rc6+ 59. Kb3 Rc7 60. Bf2 Kf4 61. Rg1 Rc6 0-1

[Event "Titled Tuesday intern op 11th Oct Late"]
[Site "Chess.com INT"]
[Date "2022.10.11"]
[Round "7"]
[White "P, Komal Kishore"]
[Black "Mickiewicz, Piotr"]
[Result "0-1"]
[WhiteElo "2086"]
[BlackElo "2272"]
[PlyCount "58"]
[EventDate "2022.10.11"]
[EventType "swiss (blitz)"]
[EventRounds "11"]
[EventCountry "USA"]
[SourceTitle "EXT 2024"]
[Source "ChessBase"]
[SourceDate "2023.10.10"]
[SourceVersion "1"]
[SourceVersionDate "2023.10.10"]
[SourceQuality "1"]

1. e4 c6 2. Nf3 d5 3. Nc3 e6 4. d4 Nf6 5. Bd3 dxe4 6. Nxe4 Nxe4 7. Bxe4 Nd7 8. c3 Nf6 9. Bc2 Be7 10. 0-0 0-0 11. Qd3 h6 12. Ne5 c5 13. Ng4 Re8 14. Nxf6+ Bxf6 15. Qh7+ Kf8 16. dxc5 Qc7 17. Be3 Bd7 18. Rad1 Bc6 19. Bd4 Rad8 20. Bxf6 gxf6 21. Rxd8 Rxd8 22. Qxh6+ Ke7 23. b4 Qe5 24. Qe3 Rg8 25. Qxe5 Rxg2+ 26. Kh1 fxe5 27. Bb1 Rxf2+ 28. Kg1 Rg2+ 29. Kh1 Rg3+ 0-1

[Event "Titled Tuesday intern op 27th Sep Late"]
[Site "Chess.com INT"]
[Date "2022.09.27"]
[Round "4"]
[White "P, Komal Kishore"]
[Black "Kalogridis, Antonios"]
[Result "0-1"]
[WhiteElo "2086"]
[BlackElo "2293"]
[PlyCount "82"]
[EventDate "2022.09.27"]
[EventType "swiss (blitz)"]
[EventRounds "11"]
[EventCountry "USA"]
[SourceTitle "CBM 210 Extra"]
[Source "ChessBase"]
[SourceDate "2022.11.30"]
[SourceVersion "1"]
[SourceVersionDate "2022.11.30"]
[SourceQuality "1"]

1. e4 c5 2. Nf3 e6 3. c3 Nf6 4. e5 Nd5 5. d4 cxd4 6. cxd4 Nc6 7. Nc3 d6 8. Bd3 dxe5 9. dxe5 Nxc3 10. bxc3 Qc7 11. Qe2 Bc5 12. 0-0 Bd7 13. Rb1 h6 14. Qe4 0-0-0 15. Be3 Bxe3 16. fxe3 g5 17. Bb5 a6 18. Ba4 Ne7 19. Bxd7+ Rxd7 20. Nd4 Nd5 21. c4 Nc3 22. Qc2 Nxb1 23. Rxb1 Qxe5 24. Qc3 Rhd8 25. c5 Rxd4 26. exd4 Qxd4+ 27. Qxd4 Rxd4 28. c6 bxc6 29. Rb6 Rd1+ 30. Kf2 Rd2+ 31. Kf3 Rxa2 32. Rxc6+ Kd7 33. Rb6 Kc7 34. Rb3 a5 35. Rc3+ Kd7 36. Rd3+ Ke7 37. Rb3 f5 38. Rb8 a4 39. Rh8 g4+ 40. Kg3 Kf6 41. Rxh6+ Kg5 0-1

[Event "Titled Tuesday intern op 27th Sep Late"]
[Site "Chess.com INT"]
[Date "2022.09.27"]
[Round "1"]
[White "P, Komal Kishore"]
[Black "Winterberg, Lukas"]
[Result "0-1"]
[WhiteElo "2086"]
[BlackElo "2394"]
[PlyCount "44"]
[EventDate "2022.09.27"]
[EventType "swiss (blitz)"]
[EventRounds "11"]
[EventCountry "USA"]
[SourceTitle "CBM 210 Extra"]
[Source "ChessBase"]
[SourceDate "2022.11.30"]
[SourceVersion "1"]
[SourceVersionDate "2022.11.30"]
[SourceQuality "1"]

1. e4 g6 2. d4 Bg7 3. Nc3 d6 4. f4 a6 5. Nf3 b5 6. Bd3 Bb7 7. 0-0 Nd7 8. Kh1 Ngf6 9. e5 Nd5 10. Bd2 0-0 11. a4 Nxc3 12. bxc3 c6 13. Be4 Nb6 14. axb5 axb5 15. Rxa8 Qxa8 16. Qe2 Nc4 17. Be1 c5 18. Bd3 Rd8 19. Bh4 Re8 20. Bxc4 bxc4 21. exd6 exd6 22. Qxc4 Ba6 0-1

[Event "Titled Tuesday intern op 27th Sep Late"]
[Site "Chess.com INT"]
[Date "2022.09.27"]
[Round "7"]
[White "Petrova, Irina"]
[Black "P, Komal Kishore"]
[Result "0-1"]
[WhiteElo "2127"]
[BlackElo "2086"]
[PlyCount "124"]
[EventDate "2022.09.27"]
[EventType "swiss (blitz)"]
[EventRounds "11"]
[EventCountry "USA"]
[SourceTitle "CBM 210 Extra"]
[Source "ChessBase"]
[SourceDate "2022.11.30"]
[SourceVersion "1"]
[SourceVersionDate "2022.11.30"]
[SourceQuality "1"]

1. e4 c6 2. d4 d5 3. e5 Bf5 4. h4 h5 5. c4 e6 6. Nc3 g6 7. Bg5 Be7 8. cxd5 cxd5 9. Bb5+ Nd7 10. Nf3 a6 11. Bd3 Bxg5 12. Nxg5 Ne7 13. 0-0 Bxd3 14. Qxd3 0-0 15. Ne2 b5 16. Nf4 Nf5 17. g3 Rc8 18. b3 Qb6 19. Rfd1 Rc6 20. Ne2 Rfc8 21. Rac1 Qa5 22. Rxc6 Rxc6 23. Rd2 Kf8 24. Kg2 Qc7 25. Kh3 Ke7 26. f3 Qc8 27. g4 hxg4+ 28. fxg4 Nh6 29. Qf3 Rc2 30. Qd3 Rxd2 31. Qxd2 Nb8 32. Nxe6 Nxg4 33. Qg5+ Ke8 34. Qxg4 Qxe6 35. Nf4 Qc6 36. h5 Qc3+ 37. Kh4 Qe1+ 38. Kg5 gxh5 39. Nxh5 Qe3+ 40. Kf5 Nd7 41. Qg8+ Ke7 42. Qg5+ Qxg5+ 43. Kxg5 Nf8 44. Nf4 a5 45. Nxd5+ Kd7 46. Nf6+ Ke6 47. Kf4 Ng6+ 48. Ke4 a4 49. d5+ Ke7 50. d6+ Ke6 51. Nh7 Nxe5 52. Ng5+ Kxd6 53. bxa4 bxa4 54. Kd4 f6 55. Ne4+ Ke6 56. Kc3 f5 57. Nf2 Nc6 58. a3 Kd5 59. Nd3 Ke4 60. Nc5+ Ke3 61. Nxa4 f4 62. Nb2 Ke2 0-1

[Event "Titled Tuesday intern op 20th Sep Late"]
[Site "Chess.com INT"]
[Date "2022.09.20"]
[Round "2"]
[White "Kazmaier, Daniel"]
[Black "P, Komal Kishore"]
[Result "1-0"]
[WhiteElo "2171"]
[BlackElo "2086"]
[PlyCount "63"]
[EventDate "2022.09.20"]
[EventType "swiss (blitz)"]
[EventRounds "11"]
[EventCountry "USA"]
[SourceTitle "EXT 2023"]
[Source "ChessBase"]
[SourceDate "2022.10.05"]
[SourceVersion "1"]
[SourceVersionDate "2022.10.05"]
[SourceQuality "1"]

1. d4 d5 2. Bg5 c6 3. e3 Qb6 4. Qc1 h6 5. Bh4 Bf5 6. c4 e6 7. c5 Qa5+ 8. Qc3 Qc7 9. b4 Nd7 10. Bg3 Qd8 11. a4 Ngf6 12. f3 Be7 13. Nd2 0-0 14. h3 Re8 15. Ne2 Nh5 16. Bh2 Bh7 17. g4 Bh4+ 18. Kd1 Nhf6 19. Nf4 e5 20. Ng2 exd4 21. Qxd4 Bf2 22. Ke2 Bxe3 23. Nxe3 Ne5 24. Bxe5 Qe7 25. Bxf6 gxf6 26. Kf2 Kh8 27. Bg2 Rg8 28. Rae1 Qc7 29. Qxf6+ Rg7 30. a5 Re8 31. Nf5 Bxf5 32. Rxe8+ 1-0